Informacion empresarial al servicio de la comunidad (Registro nro. 18493)

Detalles MARC
000 -CABECERA
campo de control de longitud fija 00516nab a2200181 a 4500
001 - NÚMERO DE CONTROL
campo de control 18493
003 - IDENTIFICADOR DEL NÚMERO DE CONTROL
campo de control 47784
005 - FECHA Y HORA DE LA ÚLTIMA TRANSACCIÓN
campo de control 20201118095737.0
008 - DATOS DE LONGITUD FIJA--INFORMACIÓN GENERAL
campo de control de longitud fija ||||||n9999 ||| || ||
110 ## - ENTRADA PRINCIPAL--NOMBRE DE ENTIDAD CORPORATIVA
Nombre de entidad corporativa o nombre de jurisdicción como elemento de entrada Camara de Comercio de Barranquilla (Colombia)
245 #0 - MENCIÓN DE TÍTULO
Título Informacion empresarial al servicio de la comunidad
300 ## - DESCRIPCIÓN FÍSICA
Extensión pp. 30-31
562 ## - NOTA DE IDENTIFICACIÓN DE LA COPIA Y VERSIÓN
Número de copias 0
650 ## - PUNTO DE ACCESO ADICIONAL DE MATERIA--TÉRMINO DE MATERIA
Término de materia o nombre geográfico como elemento de entrada SERVICIOS DE INFORMACION
650 ## - PUNTO DE ACCESO ADICIONAL DE MATERIA--TÉRMINO DE MATERIA
Término de materia o nombre geográfico como elemento de entrada SISTEMAS DE INFORMACIÓN
773 ## - ENLACE AL DOCUMENTO FUENTE/ENTRADA DE REGISTRO ANFITRIÓN
Número bibliográfico anfitrión 18490
Encabezamiento principal Revista de Investigaciones - Vol.18 No.177
942 ## - ELEMENTOS DE PUNTO DE ACCESO ADICIONAL (KOHA)
Tipo de ítem Koha Artículo de Revista

No hay ítems disponibles.